101 cây thuốc với sức khoẻ sinh sản phụ nữ
Đã lưu trong:
| Hovedforfatter: | |
|---|---|
| Format: | Bog |
| Sprog: | Undetermined |
| Udgivet: |
H.
KHKT
2003
|
| Fag: | |
| Tags: |
Tilføj Tag
Ingen Tags, Vær først til at tagge denne postø!
|
| Thư viện lưu trữ: | Trung tâm Học liệu Trường Đại học Cần Thơ |
|---|
| LEADER | 00573nam a2200181Ia 4500 | ||
|---|---|---|---|
| 001 | CTU_54118 | ||
| 008 | 210402s9999 xx 000 0 und d | ||
| 020 | |c 33000 | ||
| 082 | |a 581.635 | ||
| 082 | |b Th400 | ||
| 100 | |a Phạm Trương Thị Thọ | ||
| 245 | 0 | |a 101 cây thuốc với sức khoẻ sinh sản phụ nữ | |
| 245 | 0 | |c Phạm Trương Thị Thọ và Đỗ Huy Bích | |
| 260 | |a H. | ||
| 260 | |b KHKT | ||
| 260 | |c 2003 | ||
| 650 | |a folk medicine,medical plants,botany, medical | ||
| 980 | |a Trung tâm Học liệu Trường Đại học Cần Thơ | ||